Datum a čas kvízu
32
Celkem bodů
Celkový počet nahraných bodů na tomto kvízu bez doplňovacích otázek.
3.
Pořadí na kvízu
Konečné umístění týmu na tomto kvízu.
Zaznamenané odpovědi
| # | Otázka | Odpověď | Body | Výsledky |
|---|---|---|---|---|
| 1. | Největší český online prodejce... | Rohlik(.cz), Rabbit (CZ) | 1 | |
| 2. | Letadlo ruského ministra zahra... | v Brazílii | 1 | |
| 3. | V úterý jsme se dozvěděli, že... | Blade Runner | 0 | |
| 4. | Španělská policie zatkla na ji... | s viagrou (lékem na potenci) | 0 | |
| 5. | Jeden teprve osmnáctiletý česk... | Jakub Menšík, Katar | 0.5 | |
| 6. | Součástí televizního programu... | Hodina pravdy | 1 | |
| 7. | Která veřejně známá osobnost z... | Ladislav Zibura | 0 | |
| 8. | Napište název televizní soutěž... | Kufr | 1 | |
| 9. | V dnešní době je velmi populár... | 1C 2B 3D 4A | 1 | |
| 10. | Kdo z uvedených nikdy nemodero... | D | 0 |